000 00346nam a2200133Ia 4500
008 151001s9999||||xx |||||||||||||| ||und||
100 _aनिरजक उजगरे
245 _aदिपवा
250 _a1
260 _bभावना प्रकाशन धुळे
260 _c1995
300 _a62
365 _b18
999 _c972011
_d972008